| 000 | 01097cam a2200289 a 4500 | ||
|---|---|---|---|
| 999 |
_c331421 _d331421 |
||
| 001 | 1143882 | ||
| 003 | NUST | ||
| 005 | 20170928110532.0 | ||
| 008 | 951004s1996 nyua b 001 0 eng | ||
| 010 | _a 95025805 | ||
| 020 | _a1560815183 (alk. paper) | ||
| 040 |
_aDLC _cDLC _dDLC |
||
| 041 | 1 |
_aeng _hfre |
|
| 050 | 0 | 0 |
_aTD451 _b.F6613 1996 |
| 082 | 0 | 0 |
_a628 ROQ _220 |
| 130 | 0 |
_aFondements théoriques du traitement chimique des eaux. _lEnglish. _95057 |
|
| 245 | 1 | 0 |
_aChemical water treatment : _bprinciples and practice / _cEdited by Henri Roques ; translated by Scott Altmann. |
| 260 |
_aNew York, N.Y. : _bVCH, _cc1996. |
||
| 300 |
_axiii, 620 p. : _bill. ; _c24 cm. |
||
| 500 | _aH.B | ||
| 504 | _aIncludes bibliographical references and index. | ||
| 650 | 0 |
_aWater _xPurification. _9264 |
|
| 650 | 0 |
_aSewage _xPurification. _9265 |
|
| 700 | 1 |
_aRoques, Henri. _95058 |
|
| 906 |
_a7 _bcbc _corignew _d1 _eocip _f19 _gy-gencatlg |
||
| 942 |
_2ddc _cBK _kIESE |
||